000 00625nam a22002177a 4500
003 BUBTL
008 191021b xxu||||| |||| 00| 0 eng d
020 _a978-81-317-3244-1
082 _a651.7/BOB
100 _92425
_aBovée, Courtland L.
245 _aBusiness Communication Essentials /
_c Courtland L. Bovée, John V.Thill
250 _a4th
260 _aDelhi :
_bPearson Prentice Hall,
_cc2011.
300 _axix,226 p.
_c28 cm.
500 _aIncludes Index
650 0 _961
_aBusiness
700 _92426
_aThill, John V.
856 _k0
_l0
_yDownload
942 _2ddc
_cBK
999 _c6130
_d6130